000 00521nam a2200181Ia 4500
008 090124s9999 xx 000 0 und d
082 _b100734
100 _aपांडे बा. ना.
245 _a संगीत मातृपदी
250 _a0
260 _c1926
300 _a80
600 _aपांडे बा. ना.
630 _a संगीत मातृपदी
700 _aपांडे बा. ना.
730 _a संगीत मातृपदी
942 _cBOOK
999 _c146826
_d146826